| 000 | 00894cam a2200229Ma 4500 | ||
|---|---|---|---|
| 005 | 20171013151028.0 | ||
| 008 | 960916s1991 xx ad frn 001 0 spa d | ||
| 020 | _a0962226432 | ||
| 040 |
_aCo-BoUCM _bspa _cSandra Palacio (modificó) _dAldemar Mondragón |
||
| 041 | 1 | _aspa | |
| 100 | 1 |
_aScholtes, Peter R. _956738 |
|
| 245 | 1 | 3 |
_aEl manual del equipo _bcómo usar equipos para mejorar la calidad _cPeter S. Scholtes ; traducción José G., Ramírez |
| 260 |
_aMadison (Wisconsin, Estados Unidos) _bJoiner _c1991 |
||
| 300 | _aVarias paginaciones | ||
| 650 | 1 | 7 |
_aCalidad total en administración _910322 |
| 650 | 2 | 7 |
_aCírculos de calidad _910880 |
| 650 | 2 | 7 |
_aEquipos en el lugar de trabajo _956036 |
| 690 |
_aAdministración de empresas _9435 |
||
| 700 | 1 |
_aRamírez, José G. _956740 _etraductor |
|
| 942 |
_a16 _cLIBRO _e1 _mS368m _2DEWEY _h658.312 |
||
| 999 |
_c184751 _d184751 |
||